Assaig sobre el clima de l'Aldea en el terme de Tortosa / per Josep Via Raventós
Descripción Física:
p. 403 a 446 ; 23 cm
Colección:
Notes d'estudi ; 47
Otros Autores:
Servei Meteorològic de Catalunya
Materias:
Aldea -- Clima
MARC
| LEADER | 00000nam a2200000Ia 4500 | ||
|---|---|---|---|
| 001 | 6139 | ||
| 008 | 160829s1931 (Imp. Casa Caritat) xx 000 0 cat d | ||
| 080 | |a RF-5-12 | ||
| 100 | |a Via Raventós, Josep |9 35486 | ||
| 245 | |a Assaig sobre el clima de l'Aldea en el terme de Tortosa / per Josep Via Raventós | ||
| 260 | |a Barcelona : |b Govern de la Generalitat de Catalunya, |c 1931 (Imp. Casa Caritat) | ||
| 300 | |a p. 403 a 446 ; |c 23 cm | ||
| 490 | |a Notes d'estudi ; 47 | ||
| 590 | |a Abans del títol: Servei Meteorològic de Catalunya. | ||
| 650 | |a Aldea |x Clima |9 35487 | ||
| 700 | |a Servei Meteorològic de Catalunya |9 35488 | ||
| 710 | 1 | |a Catalunya. |b Generalitat |9 12125 | |
| 856 | 4 | |u https://media.diba.cat/diba/fitxers/arxiu/fulletons/bib_6139_1931_baixa.pdf |y Accés lliure | |
| 856 | 4 | |u https://media.diba.cat/diba/fitxers/arxiu/fulletons/bib_6139_1931_baixa.pdf |y Accés lliure | |
| 901 | |a Arxiu | ||
| 942 | |n 1 |2 udc | ||
| 952 | |0 0 |1 0 |4 0 |6 RF512 |7 1 |9 46925 |a Arxiu |b Arxiu |d 2016-12-01 |l 0 |o RF-5-12 |p 6139 |r 2016-12-01 00:00:00 |w 2016-12-01 |y ARXIU | ||
| 999 | |c 50718 |d 50718 | ||
| 900 | |a bib_6139_1931_baixa.pdf | ||